000 00550nam a2200169 i 4500
001 24649
003 ES-MaACL
007 t|
008 021218s1982 sp ||||1| spa d
100 0 _aAparicio López, Teófilo
_922070
245 1 0 _aTrece premios Nobel de literatura y otros ensayos /
_cTeófilo Aparicio López.
260 _aValladolid :
_bEstudio Agustiniano,
_c1982.
300 _a370 p. ;
_c22 cm.
740 0 _a13 premios Nobel de literatura y otros ensayos.
852 _aES-MaACL
_jL-5486
_bR.105554
999 _c24649
_d24649